Mathematical and physical modeling of materials processing operations / (Record no. 30036)

000 -LEADER
fixed length control field 00689 a2200181 4500
020 ## - INTERNATIONAL STANDARD BOOK NUMBER
International Standard Book Number 1584880171
020 ## - INTERNATIONAL STANDARD BOOK NUMBER
International Standard Book Number 9781584880172 (hardcover)
082 04 - DEWEY DECIMAL CLASSIFICATION NUMBER
Classification number 670
090 ## - LOCALLY ASSIGNED LC-TYPE CALL NUMBER (OCLC); LOCAL CALL NUMBER (RLIN)
-- 1425
-- 1425
100 1# - MAIN ENTRY--PERSONAL NAME
Personal name Ilegbusi, Olusegun Johnso.
245 10 - TITLE STATEMENT
Title Mathematical and physical modeling of materials processing operations /
Statement of responsibility, etc. Olusegun Johnso Ilegbusi, Manabu Iguchi, Walter E. Wahnsiedler.
260 ## - PUBLICATION, DISTRIBUTION, ETC.
Place of publication, distribution, etc. [S.l.] :
Name of publisher, distributor, etc. CRC Press,
Date of publication, distribution, etc. 2000.
300 ## - PHYSICAL DESCRIPTION
Extent 512 p. ;
Dimensions 24 cm.
700 1# - ADDED ENTRY--PERSONAL NAME
Personal name Ilegbusi, Olusegun Johnso.
700 1# - ADDED ENTRY--PERSONAL NAME
Personal name Wahnsiedler, Walter E.
942 ## - ADDED ENTRY ELEMENTS (KOHA)
Institution code [OBSOLETE] SNS
Koha item type Book
Call number prefix 670 ILE
Holdings
Withdrawn status Lost status Damaged status Not for loan Permanent Location Current Location Date acquired Total Checkouts Full call number Barcode Date last seen Price effective from Koha item type
        School of Natural Sciences (SNS) School of Natural Sciences (SNS) 05/26/2016   670 ILE SNS0000585 05/26/2016 05/26/2016 Book
© 2023 Central Library, National University of Sciences and Technology. All Rights Reserved.